| 000 | 00717cam a22002532 4500 | ||
|---|---|---|---|
| 999 |
_c17485 _d17485 |
||
| 001 | 0000002517 | ||
| 003 | OSt | ||
| 005 | 20190226161349.0 | ||
| 008 | 070412s xx 000 0 eng d | ||
| 020 | _a 0071103091 | ||
| 040 |
_aKABU _cKABU |
||
| 050 | 0 |
_aHF5635 _b.W55 2007 c.1 |
|
| 100 | 1 | _aLarson, Kermit D. | |
| 245 | 1 | 0 |
_aFundamental accounting principles / _cKermit D. Larson, John J. Wild, Barbara Chiappetta. |
| 250 | _a18th ed. | ||
| 260 |
_aBoston : _bIrwin, _c2007. |
||
| 300 | _a1 vol. (various paging) | ||
| 650 | 0 | _aAccounting. | |
| 700 | 1 | _aWild, John J. | |
| 700 | 1 | _aChiappetta, Barbara. | |
| 908 | _a070412 | ||
| 942 |
_2lcc _cBK |
||